000 01284cam a2200265 4500
001 ##E134820
008 060904n2006 000 0 eng u
020 _a1904829406
035 _a(Sirsi) u134820
041 0 _aeng
050 0 4 _a338.4369095 $2 18
110 2 _aBuilding Cost Information Service
_91096
245 0 0 _aASIA building construction survey
260 _aLondon
_bBCIS
_c2006
300 _a57p.
_c30cm.
350 _a100
490 0 _aBCIS Building Construction Survey
520 _aProvides full country reports for China, Hong Kong, Malaysia, Singapore and Thailand; cost only reports for Brunei, Indonesia, Japan, Sri Lanka and Taiwan; inter-country comparisons and partial reports for Philippines and South Korea. Trends analysed include workload, skills shortages and input and output costs. The findings are based on responses to an online survey of RICS members and key contacts across Asia. A total of 220 key firms responded with a representative spread across the industry.
590 _aIKA190906
651 4 _aAsia Pacific
690 _aBUILT ENVIRONMENT-CONSTRUCTION MARKET
710 2 _aRoyal Institution of Chartered Surveyors
_bPublic Affairs
_94679
710 2 _aRoyal Institution of Chartered Surveyors
_bAsia Pacific
_95550
942 _n0
999 _c105810
_d105810